000 00918nam a22002177a 4500
008 090225t xxu||||| |||| 00| 1 eng d
010 _aB-346054
020 _a9781416526247
_c$10.75 (Rs. 549.32)
035 _aB-346054
037 _bPansy Books
040 _adpl
_bEnglish
082 _a949.2073092
100 _aAyaan Hirsi Ali
245 _aInfidel /
_cby Ayaan Hirsi Ali
260 _aLondon
_bPocket Books
_c2008
270 _aAfrica House, 64-78 Kingsway
_bLondon
_eWC2B6AH
300 _axx, 353p. :
_c20cm (pbk)
_bb&w photos
942 _2ddc
_cEN
_mAYA
_h949.2073092
999 _c24336
_d24336